<?xml version="1.0" encoding="UTF-8"?>
<collection xmlns="http://www.loc.gov/MARC21/slim">
<record>
  <controlfield tag="001">163347</controlfield>
  <controlfield tag="005">20251028143404.0</controlfield>
  <datafield tag="024" ind1="8" ind2=" ">
    <subfield code="2">innovaciondocente</subfield>
    <subfield code="a">5484</subfield>
  </datafield>
  <datafield tag="037" ind1=" " ind2=" ">
    <subfield code="a">INNODOC-2024-5484</subfield>
  </datafield>
  <datafield tag="041" ind1=" " ind2=" ">
    <subfield code="a">spa</subfield>
  </datafield>
  <datafield tag="100" ind1=" " ind2=" ">
    <subfield code="0">(orcid)0009-0003-6767-7171</subfield>
    <subfield code="a">Martinez Pares, Oscar</subfield>
    <subfield code="e">coord.</subfield>
  </datafield>
  <datafield tag="245" ind1=" " ind2=" ">
    <subfield code="a">Soft skills "Sello 1+5": Materiales para el desarrollo y evaluación de competencias transversales.</subfield>
  </datafield>
  <datafield tag="260" ind1=" " ind2=" ">
    <subfield code="a">Zaragoza</subfield>
    <subfield code="b">Universidad de Zaragoza</subfield>
    <subfield code="c">2024</subfield>
  </datafield>
  <datafield tag="520" ind1="3" ind2=" ">
    <subfield code="a">La sociedad del siglo XXI está definida por el cambio y la transformación social , como consecuencia se requiere ciudadanos realmente competentes y reflexivos que atiendan al saber hacer, ser, estar y conocer siendo capaces de aprender y desaprender para adaptarse al contexto presente. En este sentido y a colación del Real Decreto 822/2021, se ha hecho necesario repensar la educación universitaria para dotar al egresado de una formación integral que atienda tanto a las hard skills como las soft skills. En concreto,  Vicerrectorado de Política Académica de la Universidad de Zaragoza ha definido las seis competencias transversales que definen el perfil competencial del estudiante de esta institución: el Proyecto Sello 1+5. Esta propuesta de innovación tiene como objetivo elaborar actividades para el desarrollo y la evaluación de las competencias transversales por y para los estudiantes de la Universidad de Zaragoza. Se trata de actividades de enseñanza-aprendizaje y evaluación basadas en la evidencia científica y la práctica reflexiva. El material elaborado deberá ser riguroso, inclusivo, útil, con fundamento científico y adaptado a cualquier titulación de la Universidad de Zaragoza.</subfield>
  </datafield>
  <datafield tag="700" ind1=" " ind2=" ">
    <subfield code="0">(orcid)0000-0002-9140-2974</subfield>
    <subfield code="a">Rodríguez Martínez, Ana</subfield>
  </datafield>
  <datafield tag="700" ind1=" " ind2=" ">
    <subfield code="a">Invernón Gómez, Ana Isabel</subfield>
  </datafield>
  <datafield tag="700" ind1=" " ind2=" ">
    <subfield code="0">(orcid)0000-0002-2876-1579</subfield>
    <subfield code="a">Lafuente Pérez, Francisco José</subfield>
  </datafield>
  <datafield tag="700" ind1=" " ind2=" ">
    <subfield code="0">(orcid)0000-0002-2839-7041</subfield>
    <subfield code="a">Cortés Pascual, María Pilar Alejandra</subfield>
  </datafield>
  <datafield tag="700" ind1=" " ind2=" ">
    <subfield code="0">(orcid)0000-0001-7861-2400</subfield>
    <subfield code="a">Sierra Sánchez, Verónica</subfield>
  </datafield>
  <datafield tag="856" ind1="4" ind2=" ">
    <subfield code="s">84718</subfield>
    <subfield code="u">http://zaguan.unizar.es/record/163347/files/memoria_PICT_2024_5484.pdf</subfield>
    <subfield code="y">Memoria del proyecto</subfield>
  </datafield>
  <datafield tag="970" ind1=" " ind2=" ">
    <subfield code="a">INNODOC-2024-5484</subfield>
  </datafield>
  <datafield tag="980" ind1=" " ind2=" ">
    <subfield code="a">INNODOC</subfield>
    <subfield code="b">PICT</subfield>
  </datafield>
</record>
</collection>